Rajnaitik tattwa: (Record no. 12072)

MARC details
000 -LEADER
fixed length control field 00668nam a22002177a 4500
005 - DATE AND TIME OF LATEST TRANSACTION
control field 20250227055702.0
008 - FIXED-LENGTH DATA ELEMENTS--GENERAL INFORMATION
fixed length control field 250227b |||||||| |||| 00| 0 eng d
020 ## - INTERNATIONAL STANDARD BOOK NUMBER
International Standard Book Number 9789358495256
040 ## - CATALOGING SOURCE
Original cataloging agency IN-DiNC
Transcribing agency IN-DiNC
041 ## - LANGUAGE CODE
Language code of sung or spoken text Assamese
082 ## - DEWEY DECIMAL CLASSIFICATION NUMBER
Classification number 320.5
Item number DUT
100 ## - MAIN ENTRY--PERSONAL NAME
Personal name Dutta, Mridul
Relator term Author
245 ## - TITLE STATEMENT
Title Rajnaitik tattwa:
Remainder of title dharana aru bitarkasamuh (Major8)/
Statement of responsibility, etc. by Mridul Dutta, Bidyut Borah and Kritanjali Saikia
250 ## - EDITION STATEMENT
Edition statement 1st ed.
260 ## - PUBLICATION, DISTRIBUTION, ETC.
Place of publication, distribution, etc. Dibrugarh:
Name of publisher, distributor, etc. Banalata,
Date of publication, distribution, etc. 2025.
300 ## - PHYSICAL DESCRIPTION
Extent 239p.
650 ## - SUBJECT ADDED ENTRY--TOPICAL TERM
Topical term or geographic name entry element Political theory: concepts and debates (Major8)
700 ## - ADDED ENTRY--PERSONAL NAME
Personal name Borah, Bidyut
Relator term Author
700 ## - ADDED ENTRY--PERSONAL NAME
Personal name Saikia, Kritanjali
Relator term Author
942 ## - ADDED ENTRY ELEMENTS (KOHA)
Source of classification or shelving scheme Dewey Decimal Classification
Koha item type Books
Holdings
Withdrawn status Lost status Source of classification or shelving scheme Damaged status Not for loan Collection code Home library Current library Shelving location Date acquired Cost, normal purchase price Total Checkouts Full call number Barcode Date due Date last seen Date last checked out Copy number Price effective from Koha item type
    Dewey Decimal Classification     Political Science Central Library, Naharkatiya College Central Library, Naharkatiya College General Stacks 27/02/2025 200.00 9 320.5 DUT 30456 18/05/2026 29/04/2026 29/04/2026 1 27/02/2025 Books
    Dewey Decimal Classification     Political Science Central Library, Naharkatiya College Central Library, Naharkatiya College General Stacks 27/02/2025 200.00 5 320.5 DUT 30457 18/05/2026 29/04/2026 29/04/2026 2 27/02/2025 Books
    Dewey Decimal Classification     Political Science Central Library, Naharkatiya College Central Library, Naharkatiya College General Stacks 27/02/2025 200.00 5 320.5 DUT 30458 27/02/2026 09/02/2026 09/02/2026 3 27/02/2025 Books

Naharkatiya College © 2020. All rights reserved.

Powered By